BIBLIOTECA

SENCICO

Un mundo en desequilibrio : la contaminación de nuestro planeta (Registro nro. 2341)

Detalles MARC
000 -LEADER
fixed length control field 00694nam a2200241Ia 4500
005 - DATE AND TIME OF LATEST TRANSACTION
control field 20251020182539.0
008 - FIXED-LENGTH DATA ELEMENTS--GENERAL INFORMATION
fixed length control field 200515s9999 xx 000 0 und d
020 ## - INTERNATIONAL STANDARD BOOK NUMBER
International Standard Book Number 84-481-0061-1
082 ## - DEWEY DECIMAL CLASSIFICATION NUMBER
Classification number 728.12.009/E75
100 ## - MAIN ENTRY--PERSONAL NAME
Personal name Erickson, Jon
245 #0 - TITLE STATEMENT
Title Un mundo en desequilibrio : la contaminación de nuestro planeta
260 ## - PUBLICATION, DISTRIBUTION, ETC.
Place of publication, distribution, etc. Santafé de Bogotá
260 ## - PUBLICATION, DISTRIBUTION, ETC.
Name of publisher, distributor, etc. McGraw Hill
260 ## - PUBLICATION, DISTRIBUTION, ETC.
Date of publication, distribution, etc. 1994
300 ## - PHYSICAL DESCRIPTION
Extent 209 p.
500 ## - GENERAL NOTE
General note 1 ejemplar
520 ## - SUMMARY, ETC.
Summary, etc. Plantea el grave riesgo que está suponiendo la contaminación a escala global de nuestro planeta
650 ## - SUBJECT ADDED ENTRY--TOPICAL TERM
Topical term or geographic name entry element CONTAMINACION AMBIENTAL
650 ## - SUBJECT ADDED ENTRY--TOPICAL TERM
Topical term or geographic name entry element ECOLOGIA
650 ## - SUBJECT ADDED ENTRY--TOPICAL TERM
Topical term or geographic name entry element MEDIO AMBIENTE
942 ## - ADDED ENTRY ELEMENTS (KOHA)
Koha item type Libros
Existencias
Fecha de la última vez que lo usaron Pago total Signatura topográfica completa Código de barras Precio efectivo desde Tipo de documento Estado perdido Estado dañado No es para préstamo Retirado Ubicación permanente Ubicación actual Fecha de adquisición
15/05/2020   728.12.009/E75 Bib-Lima15052341 15/05/2020 Libros         Biblioteca Central Lima Biblioteca Central Lima 15/05/2020